000 00553nam a2200205Ia 4500
003 LK-CoDNM
005 20241129125033.0
008 010623t1967 xxu||||| |||| 00| 1 sin d
040 _aLK-CoDNM
_dLK-CoDNM
_eLK-CoDNM
041 _asin
080 _a294.32
_bWEE
100 _aWeerakoon,Munidasa
245 _aසප්ත විසුද්ධි ධර්මය
246 _aSaptha Visuddhi Dharmaya
260 _bSri Saddharmadana Samithiya
_aColombo
_c1967
300 _b155p. ; 21 cm
650 _aBuddhism
650 _a1967
942 _cBK
999 _c107447
_d107447